Poder popular en Nicaragua: hacia una caracterización del estado Sandinista

Spremljeno u:
Bibliografski detalji
Autor kompanije: Universidad Centroaméricana. Facultad de Humanidades. Escuela de Sociología
Format: Tekst
Izdano: Managua: UCA
Oznake: Dodaj oznaku
Bez oznaka, Budi prvi tko označuje ovaj zapis!

MARC

LEADER 00000 a a2200000 04500
001 21203
003
040
090 |a 092400  
110 |a Universidad Centroaméricana. Facultad de Humanidades. Escuela de Sociología  
245 |a Poder popular en Nicaragua: hacia una caracterización del estado Sandinista  
260 |a Managua:   |b UCA  
300 |a 15 p.  
999 |c 1431  |d 1431